La casa de las ánimas /
Guardado en:
| Autor Principal: | |
|---|---|
| Formato: | Libro |
| Publicado: |
Buenos Aires :
Crecer Creando,
2006
|
| Series: | Mar de papel
|
| Materias: | |
| Etiquetas: |
Agregar Etiqueta
Sin Etiquetas, Sea el primero en etiquetar este registro!
|
| LEADER | 00999nam a22002175a 4500 | ||
|---|---|---|---|
| 001 | CEM.cems013722 | ||
| 008 | 130507s2006##################000#0#####d | ||
| 005 | 20260616144644.0 | ||
| 245 | 1 | 0 | |a La casa de las ánimas / |c Emilio Saad |
| 260 | |a Buenos Aires : |b Crecer Creando, |c 2006 | ||
| 300 | |a 104 p. | ||
| 490 | 0 | |a Mar de papel | |
| 505 | 0 | |a Es el añ 1859, Buenos Aires y el resto del país están separados, como dos estados independientes. Porteños y provincianos viven en una época de violentos enfrentamientos, y en ese marco Emilio Saad desarrolla una entrañable aventura en la que reviven los fantasmas de nuestra historia. La casa de las ánimas encierra misterios y sorpresas. | |
| 020 | |a 9879197356 | ||
| 100 | 1 | |a Saad, Emilio | |
| 082 | 0 | 4 | |a A863.4 |
| 653 | |a Literatura | ||
| 653 | |a Literatura argentina | ||
| 653 | |a Literatura infantil | ||
| 859 | |a CEMS |b BIB. CEMS - Inicial y Primaria |h A863.4 |i Sa11 |k IP |p 5588 |t Ej.1 | ||
| 859 | |a CEMS |b BIB. CEMS - 11 de abril |h A863.4LS1 |i Sa11 |p 26464.12 |t Ej.1 | ||
